Miasta w Hiszpanii - Nagła Śmierć - Statystyki

Ogólne statystyki
  • Ten quiz został rozwiązany 295 razy
    177 od ostatniego zresetowania
  • Średni wynik to 16 z 26
Answers on the Grid
Answers color-coded by a green-red scale on the quiz's grid according to % correct below.
Acapulco
Arrecife
Asjut
Badajoz
Benidorm
Bilbao
Burgos
Cáceres
Dżakarta
Fraga
Funchal
Grenada
Jerez
Kadyks
Kumamoto
L'Hospitalet de Llobregat
Lima
Madryt
Magaluf
Malaga
Manila
Marabella
Montevideo
Moundou
Oviedo
Pampeluna
Pawłodar
Porto
Riazań
Rio de Janeiro
Sacramento
Salamanka
San Marino
San Sebastián
Santa Cruz de Tenerife
Santander
Santiago de Compostela
Saragossa
Sewilla
Sucre
Taoyuan
Torremolinos
Trypolis
Valletta
Vigo
 
Statystyki odpowiedzi
Odpowiedź % Poprawnych
Madryt
92%
Bilbao
89%
Sewilla
88%
Malaga
87%
Saragossa
85%
San Sebastián
80%
Vigo
78%
Grenada
75%
Pampeluna
75%
Oviedo
74%
Santa Cruz de Tenerife
73%
Santander
72%
Santiago de Compostela
66%
Kadyks
64%
Marabella
63%
Burgos
55%
Salamanka
55%
L'Hospitalet de Llobregat
52%
Badajoz
50%
Jerez
40%
Arrecife
39%
Cáceres
38%
Torremolinos
38%
Benidorm
37%
Fraga
25%
Magaluf
21%
Nie znaleziono quizów pasujących do podanych kryteriów
Rozkład punktacji
Procent ludzi z każdym wynikiem
Percentyl według liczby udzielonych odpowiedzi
Twoja historia wyników
Nie rozwiązałeś tego quizu od ostatniego zresetowania